Vývojová psychologie : dětství, dospělost, stáří / Marie Vágnerová
Record details
- ISBN: 80-7178-308-0
- Physical Description: 522 s. : il. ; 24 cm
- Edition: Vyd. 1
- Publisher: Praha : Portál, 2000
Content descriptions
| Bibliography, etc. Note: | Bibliografie na s. 511-516 Obsahuje rejstřík |
Search for related items by subject
| Genre: | učebnice textbooks |
Available copies
- 3 of 3 copies available at Common Catalog SPOK.
Holds
- 0 current holds with 3 total copies.
Other Formats and Editions
Show Only Available Copies
| Location | Call Number / Copy Notes | Barcode | Shelving Location | Status | Due Date |
|---|---|---|---|---|---|
| Jabok Library | Psy-5/V | 424480003705 | Odborná literatura | Available | - |
| Jabok Library | Psy-5/V | 424480004324 | Odborná literatura | Available | - |
| Jabok Library | Psy-5/V | 424480014987 | Odborná literatura | Available | - |
| LDR | 01765nam a2200493 a 4500 | ||
|---|---|---|---|
| 001 | 14755 | ||
| 003 | CZ-PrJAB | ||
| 005 | 20220621130711.0 | ||
| 007 | tu | ||
| 008 | 000128s2000 xr a e p 001 0 cze | ||
| 015 | . | ‡acnb000786657 | |
| 020 | . | ‡a80-7178-308-0 ‡q(váz.) : ‡cKč 475,00 | |
| 035 | . | ‡a(CZ PrNK)cpk20000786657 | |
| 035 | . | ‡a(OCoLC)44526548 | |
| 040 | . | ‡aABA001 ‡bcze ‡dABA001 | |
| 072 | 7. | ‡a159.92 ‡xVývojová psychologie. Individuální psychologie ‡2Konspekt ‡917 | |
| 080 | . | ‡a159.922.8 ‡2MRF | |
| 080 | . | ‡a159.922.62 ‡2MRF | |
| 080 | . | ‡a159.922.63 ‡2MRF | |
| 080 | . | ‡a159.922 ‡2MRF | |
| 080 | . | ‡a159.922.7 ‡2MRF | |
| 080 | . | ‡a(075) ‡2MRF | |
| 100 | 1 | . | ‡aVágnerová, Marie, ‡d1946- ‡7jn99240001396 ‡4aut |
| 245 | 1 | 0. | ‡aVývojová psychologie : ‡bdětství, dospělost, stáří / ‡cMarie Vágnerová |
| 250 | . | ‡aVyd. 1 | |
| 260 | . | ‡aPraha : ‡bPortál, ‡c2000 | |
| 300 | . | ‡a522 s. : ‡bil. ; ‡c24 cm | |
| 504 | . | ‡aBibliografie na s. 511-516 | |
| 504 | . | ‡aObsahuje rejstřík | |
| 650 | 0 | 7. | ‡agerontopsychologie ‡7ph120561 ‡2czenas |
| 650 | 0 | 7. | ‡avývojová psychologie ‡7ph116715 ‡2czenas |
| 650 | 0 | 7. | ‡apsychologie dítěte ‡7ph117256 ‡2czenas |
| 650 | 0 | 7. | ‡apsychologie adolescentů ‡7ph115949 ‡2czenas |
| 650 | 0 | 7. | ‡apsychologie dospělých ‡7ph124808 ‡2czenas |
| 650 | 0 | 9. | ‡aaging ‡xpsychologicals aspects ‡2eczenas |
| 650 | 0 | 9. | ‡adevelopmental psychology ‡2eczenas |
| 650 | 0 | 9. | ‡achild psychology ‡2eczenas |
| 650 | 0 | 9. | ‡aadolescent psychology ‡2eczenas |
| 650 | 0 | 9. | ‡aadultery ‡xpsychological aspects ‡2eczenas |
| 655 | 7. | ‡aučebnice ‡7fd133770 ‡2czenas | |
| 655 | 9. | ‡atextbooks ‡2eczenas | |
| 910 | . | ‡aABG312 | |
| 995 | . | ‡aska | |
| 901 | . | ‡a14755 ‡bCZ-PrJAB ‡c14755 ‡tbiblio | |